Statystyki dla Mistrzowie Polski: Wyjściowe XI (Ekstraklasa 18/19-22/23)

Kliknij tutaj aby rozwiązać quiz!

Ogólne statystyki

  • Ten quiz został rozwiązany 36 razy
  • Średni wynik to 29 z 55

Statystyki odpowiedzi

HintOdpowiedź% Poprawnych
PolskaArtur Jędrzejczyk
90%
PolskaArtur Jędrzejczyk
90%
SzwecjaMikael Ishak
87%
PolskaFilip Bednarek
83%
PolskaJakub Czerwiński
83%
CzechyTomas Pekhart
83%
SłowacjaFrantisek Plach
80%
SerbiaVladan Kovacevic
77%
HiszpaniaIvi Lopez
73%
ŁotwaVladislavs Gutkovskis
73%
WKSAdriel Ba Loua
70%
PolskaBartosz Salamon
70%
EkwadorJoel Valencia
70%
PolskaArtur Boruc
67%
HiszpaniaJorge Felix
63%
SerbiaFilip Mladenovic
60%
PolskaJakub Kamiński
60%
SzwecjaJesper Karlstrom
60%
AngliaTom Hateley
60%
GrecjaGiannis Papanikolaou
57%
PolskaPatryk Dziczek
57%
PolskaRadosław Majecki
57%
ChorwacjaFran Tudor
53%
PortugaliaPedro Rebocho
53%
PolskaRadosław Murawski
53%
GruzjaValerian Gvilia
53%
ChorwacjaZoran Arsenic
53%
PolskaBartosz Nowak
50%
PortugaliaJoao Amaral
50%
GwineaJose Kante
50%
ChorwacjaJosip Juranovic
50%
DaniaMikkel Kirkeskov
50%
UkrainaWładysław Koczerhin
50%
ChorwacjaAntonio Milic
47%
PolskaBartosz Kapustka
47%
BrazyliaLuquinhas
47%
BrazyliaLuquinhas
47%
PolskaMateusz Wieteska
47%
PolskaMateusz Wieteska
47%
SłowacjaLubomir Satka
43%
GrecjaStratos Svarnas
40%
PortugaliaAndre Martins
37%
PortugaliaAndre Martins
37%
PolskaBartosz Slisz
37%
PolskaMartin Konczkowski
37%
PolskaPaweł Wszołek
37%
PolskaPaweł Wszołek
37%
PolskaPatryk Kun
33%
PolskaIgor Lewczuk
30%
SerbiaMilan Rundic
30%
SerbiaAleksandar Sedlar
27%
PolskaMichał Karbownik
27%
PolskaPiotr Parzyszek
27%
ChorwacjaDomagoj Antolic
20%
PolskaMarcin Pietrowski
13%

Rozkład punktacji

Percentyl według liczby udzielonych odpowiedzi

Procent ludzi z każdym wynikiem

Twoja historia wyników

Nie rozwiązałeś tego quizu